Cassiterite Occurrence in the Shelby Area, North and South Carolina : / (Record no. 596644)

MARC details
000 -LEADER
fixed length control field 01067namaa2200313 a 4500
001 - CONTROL NUMBER
control field vtls001304103
003 - CONTROL NUMBER IDENTIFIER
control field NLI
005 - DATE AND TIME OF LATEST TRANSACTION
control field 20210627043930.0
008 - FIXED-LENGTH DATA ELEMENTS--GENERAL INFORMATION
fixed length control field 120418s1985 dcub i000 0 eng
039 #9 - LEVEL OF BIBLIOGRAPHIC CONTROL AND CODING DETAIL [OBSOLETE]
-- 201204181931
-- VLOAD
040 0# - CATALOGING SOURCE
Original cataloging agency NLI
Transcribing agency VTLS-2012_FOD
Description conventions AACR2
041 0# - LANGUAGE CODE
Language code of text/sound track or separate title eng
044 ## - COUNTRY OF PUBLISHING/PRODUCING ENTITY CODE
MARC country code dcu
082 04 - DEWEY DECIMAL CLASSIFICATION NUMBER
Classification number 557.3
100 1# - MAIN ENTRY--PERSONAL NAME
Personal name D'Agostino, John P.
9 (RLIN) 726121
245 10 - TITLE STATEMENT
Title Cassiterite Occurrence in the Shelby Area, North and South Carolina : /
Statement of responsibility, etc. John P. D'Agostino, and Jesse W. Whitlow
260 ## - PUBLICATION, DISTRIBUTION, ETC.
Place of publication, distribution, etc. Washington :
Name of publisher, distributor, etc. United States Government Printing Office,
Date of publication, distribution, etc. 1985
300 ## - PHYSICAL DESCRIPTION
Extent iii, 14 p. :
Other physical details maps ;
Dimensions 23 cm.
490 1# - SERIES STATEMENT
Series statement United States Geological Survey Bulletin ;
Volume/sequential designation 1569
500 ## - GENERAL NOTE
General note Cover title
650 #0 - SUBJECT ADDED ENTRY--TOPICAL TERM
Topical term or geographic name entry element Geology
General subdivision Washington Metropolitan Area
Geographic subdivision United States
9 (RLIN) 721962
650 #0 - SUBJECT ADDED ENTRY--TOPICAL TERM
Topical term or geographic name entry element Geological surveys
Geographic subdivision United States
9 (RLIN) 721963
700 1# - ADDED ENTRY--PERSONAL NAME
Personal name Whitlow, Jesse W.
Relationship jt. aut
9 (RLIN) 726122
887 ## - NON-MARC INFORMATION FIELD
Content of non-MARC field
901 ## - LOCAL DATA ELEMENT A, LDA (RLIN)
a AD 65233
b 30.01.1986
902 ## - LOCAL DATA ELEMENT B, LDB (RLIN)
a U.S 557.3 D 134
949 ## - LOCAL PROCESSING INFORMATION (OCLC)
-- VIRTUAITEM
-- 10000
-- 100
6 ADXX00065233ENG
942 ## - ADDED ENTRY ELEMENTS (KOHA)
Source of classification or shelving scheme Dewey Decimal Classification
Koha item type Books
Holdings
Withdrawn status Lost status Damaged status Not for loan Collection code Home library Current library Shelving location Date acquired Total Checkouts Full call number Barcode Date last seen Price effective from Koha item type
          National Library of India National Library of India       U.S 557.3 D 134 ADXX00065233ENG 27/06/2021 27/06/2021 Books
                                                                           
web counter

Copyright ©2020 The National Library of India, Govt. of India ↔ Hosted by NVLI, MOC ↔ Technology and Design by National Library of India, Ministry of Culture, Govt. of India